000 00603nam a2200193 i 4500
001 146326
003 ES-MaACL
005 20230906201508.0
007 t|
008 070906n19601969sp ||||1| spa d
080 _a621.395.34
100 1 _aTrautmann, Kurt.
_9111243
245 1 0 _aConstitución de las instalaciones telefónicas automáticas /
_cKurt Trautmann.
260 _a[Madrid :
_bDossat,
_cs.a.]
300 _a2 v. con 28 lám n. y col. :
_bil. ;
_c21 cm.
500 _aLa edición alemana es de 1965.
650 1 4 _aTeléfono automático.
_9151342
852 _aES-MaACL
_jP-1785
_bR.76397
999 _c146326
_d146326